Holiday Quiz

Random Holiday or Halloween Quiz

Common Halloween Costumes Quiz Stats

 Plays Quiz Updated Oct 31, 2017

Score 0/40 Timer 06:00
4 Plays Today
Age Group Costume % Correct
KidsWitch
77.2%
AdultsWitch
77.2%
KidsGhost
76.3%
AdultsGhost
76.3%
KidsVampire (generic)
61%
AdultsVampire (generic)
61%
KidsPrincess (generic)
59.9%
AdultsPrincess (generic)
59.9%
KidsCat
58.4%
AdultsCat
58.4%
KidsPumpkin
54.9%
AdultsNurse
48%
KidsBatman
45.7%
AdultsBatman
45.7%
AdultsZombie
41.5%
KidsPirate
40%
AdultsPirate
40%
KidsSpider-Man
39.2%
AdultsDevil
39%
KidsAthlete
34.1%
Age Group Costume % Correct
AdultsAthlete
34.1%
KidsFirefighter
30.8%
KidsFairy
30.6%
AdultsFairy
30.6%
AdultsWench/Tart/Vixen
30.6%
KidsMonster (generic)
29.9%
AdultsAngel
28.7%
AdultsCowboy/Cowgirl
28.6%
KidsAction/Super Hero (generic)
26%
AdultsClown
25.7%
AdultsDracula
25.4%
KidsDisney Princess
23.8%
KidsNinja
21.7%
AdultsFrench Maid
20.6%
AdultsPolitical
19.4%
KidsStar Wars Character
16%
KidsCheerleader
15.7%
AdultsQueen
14.6%
KidsHannah Montana
11.5%
KidsDora the Explorer/Diego
6.7%

You're not logged in!

Compare scores with friends on all Sporcle quizzes.
OR
Log In

Sporcle TV

Today on Sporcle TV


Watch our educational content, quiz creation guides, and fun videos on Sporcle TV.

Show Comments

Extras

Top Quizzes Today


Score Distribution

Your Account Isn't Verified!

In order to create a playlist on Sporcle, you need to verify the email address you used during registration. Go to your Sporcle Settings to finish the process.

Report this User

Report this user for behavior that violates our Community Guidelines.

Details: